[Event "15th Governor Cup 2019"]
[Site "Khanty-Mansiysk"]
[Date "2019.11.22"]
[Round "5.5"]
[White "Bocharov, Dmitry"]
[Black "Rozum, Ivan"]
[Result "1-0"]
[WhiteElo "2519"]
[BlackElo "2593"]
[Annotator "TA"]
[PlyCount "71"]
[EventDate "2019.11.19"]
[EventType "swiss"]
[EventCountry "RUS"]
[SourceTitle "playchess.com"]
[Source "ChessBase"]
[SourceQuality "1"]

{[%evp 18,71,37,40,31,0,16,-10,0,-60,-43,-53,-37,-33,-23,-31,-26,-57,1,-58,-14,-30,-27,-32,-14,-18,-5,-6,-6,-8,0,0,0,0,0,-5,0,0,0,0,0,0,356,359,416,408,400,391,608,600,782,754,5265,1538,29988,29989]} 1. d4 Nf6 2. c4 e6 3. Nf3 d5 4. g3 Be7 5. Bg2 O-O 6. Qc2 Nbd7 7. O-O c6 8. Nbd2 b6 9. e4 dxc4 10. Nxc4 Bb7 {E09: Closed Catalan: Main Line: 7 Qc2 c6 8 Nbd2} 11. e5 Nd5 12. Qe4 b5 {The position is equal.} 13. Ncd2 (13. Ne3 $11) 13... c5 $15 14. Qg4 cxd4 $146 ({Predecessor:} 14... Qb6 15. Ne4 f5 16. exf6 N5xf6 17. Nxf6+ Nxf6 18. Qh4 {½-½ (18) Dziuba,M (2602)-Simacek,P (2486) Czechia 2012}) 15. Nb3 Re8 16. Bd2 Qb6 17. Rfd1 Rac8 (17... b4 $15) 18. Qxd4 (18. Ba5 $1 $11 Qa6 19. a4) 18... Qxd4 19. Nbxd4 a6 20. a4 bxa4 21. Rxa4 N7b6 22. Raa1 Nc4 23. Be1 Nb4 24. Bc3 Nd5 25. Be1 Nb4 26. Bc3 Rc7 27. Nd2 {Nxc4 is the strong threat.} Bxg2 28. Kxg2 Nd5 29. Nxc4 Nxc3 $2 {[%mdl 8192]} (29... Rxc4 $11 {and Black has nothing to worry.} 30. Rxa6 Nxc3 31. bxc3 Rxc3) 30. Nd6 $18 ({Less strong is} 30. bxc3 Rxc4 31. Rxa6 Rxc3 $14) 30... Nxd1 31. Nxe8 Rc8 32. Nd6 ({Weaker is} 32. Rxd1 Rxe8 33. Nc6 Bc5 $16) 32... Bxd6 (32... Rc5 $142 33. Rxd1 Bxd6) 33. exd6 Nxb2 {[#]} 34. Nc6 $1 {[%mdl 576] Threatens to win with Ne7+. Promotion} Rxc6 {[#]} 35. d7 $1 {[%cal Rd7d8]} Rd6 {[#]} 36. Rxa6 $1 {[%mdl 512] Accuracy: White = 50%, Black = 53%.} 1-0

[Event "15th Governor Cup 2019"]
[Site "Khanty-Mansiysk"]
[Date "2019.11.22"]
[Round "5.6"]
[White "Volkov, Sergey"]
[Black "Nesterov, Arseniy"]
[Result "1/2-1/2"]
[WhiteElo "2572"]
[BlackElo "2489"]
[Annotator "ChessBase"]
[PlyCount "108"]
[EventDate "2019.11.19"]
[EventType "swiss"]
[EventCountry "RUS"]
[SourceTitle "playchess.com"]
[Source "ChessBase"]
[SourceQuality "1"]
[TimeControl "5400+30"]

1. d4 {[%emt 0:00:00]} Nf6 {[%emt 0:00:00]} 2. c4 {[%emt 0:00:00]} e6 {[%emt 0:00:00]} 3. Nf3 {[%emt 0:00:00]} d5 {[%emt 0:00:00]} 4. Nc3 {[%emt 0:00:00]} dxc4 {[%emt 0:00:16]} 5. e4 {[%emt 0:00:05]} Bb4 {[%emt 0:00:06]} 6. Bxc4 {[%emt 0:00:05]} Nxe4 {[%emt 0:00:14]} 7. O-O {[%emt 0:00:08]} Nxc3 {[%emt 0:00:06]} 8. bxc3 {[%emt 0:00:04]} Be7 {[%emt 0:00:16]} 9. Qe2 {[%emt 0:00:26]} O-O {[%emt 0:16:49]} 10. Rd1 {[%emt 0:01:16]} Nd7 {[%emt 0:02:04]} 11. Bb3 {[%emt 0:05:40]} Nf6 {[%emt 0:13:08]} 12. Ne5 {[%emt 0:03:19]} c5 {[%emt 0:06:37]} 13. dxc5 {[%emt 0:07:07]} Qc7 {[%emt 0:02:33]} 14. Rd3 {[%emt 0:13:27]} Qxc5 {[%emt 0:08:16]} 15. Rh3 {[%emt 0:08:28]} Bd6 {[%emt 0:23:41]} 16. Nc4 {[%emt 0:03:38]} Be7 {[%emt 0:01:08]} 17. Be3 {[%emt 0:05:47]} Qb5 {[%emt 0:01:40]} 18. Bd2 {[%emt 0:08:44]} e5 {[%emt 0:07:10]} 19. Rg3 {[%emt 0:01:31]} e4 {[%emt 0:03:00]} 20. Rg5 {[%emt 0:09:21]} Qa6 {[%emt 0:01:08]} 21. Rg3 {[%emt 0:04:12]} Bf5 {[%emt 0:02:39]} 22. Re1 {[%emt 0:01:25]} Rad8 {[%emt 0:02:54]} 23. Be3 {[%emt 0:02:10]} Bg6 {[%emt 0:01:45]} 24. Ne5 {[%emt 0:00:52]} Qxe2 {[%emt 0:00:11]} 25. Rxe2 {[%emt 0:00:05]} Bf5 {[%emt 0:02:25]} 26. Bxa7 {[%emt 0:02:18]} Nh5 {[%emt 0:00:59]} 27. Rge3 {[%emt 0:00:54]} Nf4 {[%emt 0:00:28]} 28. Re1 {[%emt 0:01:10]} Bf6 {[%emt 0:01:11]} 29. g4 {[%emt 0:02:07]} Be6 {[%emt 0:01:37]} 30. Bxe6 {[%emt 0:02:57]} fxe6 {[%emt 0:00:08]} 31. Nc4 {[%emt 0:00:29]} Nd3 {[%emt 0:01:29]} 32. Rf1 {[%emt 0:01:14]} Ra8 {[%emt 0:00:59]} 33. Bb6 {[%emt 0:01:24]} Rxa2 {[%emt 0:00:28]} 34. Rxe4 {[%emt 0:00:14]} Bh4 {[%emt 0:00:32]} 35. f4 {[%emt 0:04:22]} Rc2 {[%emt 0:00:40]} 36. Ne5 {[%emt 0:02:06]} Nxe5 {[%emt 0:00:30]} 37. Rxe5 {[%emt 0:00:18]} Ra8 {[%emt 0:00:28]} 38. Ra5 {[%emt 0:00:08]} Rc8 {[%emt 0:00:52]} 39. Bd4 {[%emt 0:00:45]} Bf6 {[%emt 0:00:22]} 40. Bxf6 {[%emt 0:04:04]} gxf6 {[%emt 0:00:04]} 41. Rb5 {[%emt 0:00:09]} Rc7 {[%emt 0:00:52]} 42. f5 {[%emt 0:01:10]} Rc4 {[%emt 0:00:43]} 43. fxe6 {[%emt 0:01:15]} Rxg4+ {[%emt 0:00:05]} 44. Kh1 {[%emt 0:00:04]} Rh4 {[%emt 0:00:51]} 45. Rxf6 {[%emt 0:01:00]} Rcxh2+ {[%emt 0:00:27]} 46. Kg1 {[%emt 0:00:05]} Rh1+ {[%emt 0:00:04]} 47. Kf2 {[%emt 0:00:42]} R1h2+ {[%emt 0:00:47]} 48. Ke3 {[%emt 0:00:19]} R2h3+ {[%emt 0:00:23]} 49. Kd2 {[%emt 0:00:36]} Rg3 {[%emt 0:00:51]} 50. Re5 {[%emt 0:01:19]} Rh2+ {[%emt 0:00:27]} 51. Re2 {[%emt 0:00:15]} Rxe2+ {[%emt 0:00:18]} 52. Kxe2 {[%emt 0:00:01]} Rxc3 {[%emt 0:00:33]} 53. e7 {[%emt 0:00:49]} Rc8 {[%emt 0:00:03]} 54. Rb6 {[%emt 0:00:07]} Re8 {[%emt 0:00:09]} 1/2-1/2

[Event "15th Governor Cup 2019"]
[Site "Khanty-Mansiysk"]
[Date "2019.11.22"]
[Round "5.7"]
[White "Frolyanov, Dmitry"]
[Black "Pogosyan, Stefan"]
[Result "1-0"]
[WhiteElo "2556"]
[BlackElo "2455"]
[Annotator "ChessBase"]
[PlyCount "49"]
[EventDate "2019.11.19"]
[EventType "swiss"]
[EventCountry "RUS"]
[SourceTitle "playchess.com"]
[Source "ChessBase"]
[SourceQuality "1"]
[TimeControl "5400+30"]

1. e4 {[%emt 0:01:13]} e5 {[%emt 0:00:00]} 2. Nf3 {[%emt 0:00:06]} Nc6 {[%emt 0:00:00]} 3. Bb5 {[%emt 0:00:09]} a6 {[%emt 0:00:00]} 4. Ba4 {[%emt 0:00:05]} Nf6 {[%emt 0:00:00]} 5. O-O {[%emt 0:00:08]} b5 {[%emt 0:00:00]} 6. Bb3 {[%emt 0:00:09]} Bc5 {[%emt 0:00:00]} 7. c3 {[%emt 0:00:28]} d6 {[%emt 0:00:17]} 8. a4 {[%emt 0:00:20]} Rb8 {[%emt 0:00:10]} 9. d4 {[%emt 0:00:13]} Bb6 {[%emt 0:00:04]} 10. axb5 {[%emt 0:00:08]} axb5 {[%emt 0:00:05]} 11. Na3 {[%emt 0:00:24]} exd4 {[%emt 0:23:32]} 12. cxd4 {[%emt 0:02:26]} Na5 {[%emt 0:01:58]} 13. Bc2 {[%emt 0:15:45]} b4 {[%emt 0:02:36]} 14. Nb1 {[%emt 0:00:32]} O-O {[%emt 0:02:29]} 15. Nbd2 {[%emt 0:17:57]} Bg4 {[%emt 0:08:47]} 16. e5 {[%emt 0:01:51]} Nd7 {[%emt 0:08:35]} 17. Qe2 {[%emt 0:04:51]} dxe5 {[%emt 0:04:57]} 18. dxe5 {[%emt 0:00:40]} Nc5 {[%emt 0:00:05]} 19. Ne4 {[%emt 0:03:45]} Ne6 {[%emt 0:03:07]} 20. Rd1 {[%emt 0:01:30]} Qe7 {[%emt 0:01:41]} 21. Ng3 {[%emt 0:03:11]} g6 {[%emt 0:01:25]} 22. Ne4 {[%emt 0:02:54]} Bxf3 {[%emt 0:08:38]} 23. Qxf3 {[%emt 0:00:13]} Kg7 {[%emt 0:00:41]} 24. Nf6 {[%emt 0:01:44]} h5 {[%emt 0:03:39]} 25. Qg3 {[%emt 0:14:25]} 1-0

[Event "15th Governor Cup 2019"]
[Site "Khanty-Mansiysk"]
[Date "2019.11.22"]
[Round "5.8"]
[White "Iljiushenok, Ilia"]
[Black "Safin, Robert"]
[Result "1-0"]
[WhiteElo "2532"]
[BlackElo "2182"]
[Annotator "ChessBase"]
[PlyCount "127"]
[EventDate "2019.11.19"]
[EventType "swiss"]
[EventCountry "RUS"]
[SourceTitle "playchess.com"]
[Source "ChessBase"]
[SourceQuality "1"]
[TimeControl "5400+30"]

1. e4 {[%emt 0:00:00]} c5 {[%emt 0:00:00]} 2. Nf3 {[%emt 0:00:00]} e6 {[%emt 0:00:00]} 3. d4 {[%emt 0:00:00]} cxd4 {[%emt 0:00:00]} 4. Nxd4 {[%emt 0:00:00]} Nf6 {[%emt 0:00:00]} 5. Nd2 {[%emt 0:00:00]} Nc6 {[%emt 0:00:00]} 6. Nxc6 {[%emt 0:00:00]} bxc6 {[%emt 0:16:52]} 7. e5 {[%emt 0:00:01]} Nd5 {[%emt 0:00:12]} 8. c4 {[%emt 0:00:10]} Nf4 {[%emt 0:08:25]} 9. g3 {[%emt 0:01:17]} Ng6 {[%emt 0:00:31]} 10. Qe2 {[%emt 0:01:16]} Qc7 {[%emt 0:13:39]} 11. f4 {[%emt 0:02:07]} d6 {[%emt 0:00:04]} 12. exd6 {[%emt 0:03:28]} Bxd6 {[%emt 0:00:11]} 13. Bg2 {[%emt 0:03:17]} O-O {[%emt 0:03:21]} 14. O-O {[%emt 0:03:37]} Bc5+ {[%emt 0:03:08]} 15. Kh1 {[%emt 0:00:30]} Rb8 {[%emt 0:04:18]} 16. Nb3 {[%emt 0:22:40]} Be7 {[%emt 0:03:21]} 17. c5 {[%emt 0:00:41]} a5 {[%emt 0:02:40]} 18. Be3 {[%emt 0:03:18]} Rb5 {[%emt 0:13:19]} 19. Rac1 {[%emt 0:06:00]} Bf6 {[%emt 0:05:55]} 20. Nd4 {[%emt 0:05:26]} Rb4 {[%emt 0:06:19]} 21. Rfd1 {[%emt 0:01:39]} Ne7 {[%emt 0:00:11]} 22. a3 {[%emt 0:04:51]} Rb8 {[%emt 0:00:57]} 23. Rd2 {[%emt 0:01:22]} Nd5 {[%emt 0:00:12]} 24. Bg1 {[%emt 0:00:44]} Bd7 {[%emt 0:02:22]} 25. Nf3 {[%emt 0:02:12]} Be7 {[%emt 0:06:54]} 26. Bd4 {[%emt 0:04:11]} f6 {[%emt 0:00:38]} 27. Re1 {[%emt 0:05:54]} Rfe8 {[%emt 0:00:12]} 28. Qd3 {[%emt 0:00:19]} Rb5 {[%emt 0:01:37]} 29. Rc2 {[%emt 0:01:45]} Qc8 {[%emt 0:01:01]} 30. Rcc1 {[%emt 0:00:52]} Qb8 {[%emt 0:01:48]} 31. Nd2 {[%emt 0:03:10]} Bf8 {[%emt 0:00:05]} 32. Nf3 {[%emt 0:01:50]} Qa7 {[%emt 0:01:38]} 33. Qc2 {[%emt 0:00:34]} Qb8 {[%emt 0:00:59]} 34. Re2 {[%emt 0:01:01]} Qa7 {[%emt 0:00:54]} 35. Ree1 {[%emt 0:04:44]} Qc7 {[%emt 0:00:37]} 36. Bf1 {[%emt 0:01:22]} Rbb8 {[%emt 0:00:04]} 37. Bd3 {[%emt 0:00:22]} g6 {[%emt 0:00:07]} 38. h4 {[%emt 0:01:07]} Bg7 {[%emt 0:00:03]} 39. Be4 {[%emt 0:04:02]} e5 {[%emt 0:01:11]} 40. fxe5 {[%emt 0:00:09]} fxe5 {[%emt 0:00:12]} 41. Bc3 {[%emt 0:02:11]} Nf6 {[%emt 0:01:32]} 42. Rcd1 {[%emt 0:01:21]} Nxe4 {[%emt 0:00:21]} 43. Qxe4 {[%emt 0:00:03]} Bf5 {[%emt 0:00:09]} 44. Qe3 {[%emt 0:04:09]} Be6 {[%emt 0:01:33]} 45. Ng5 {[%emt 0:03:55]} Bd5+ {[%emt 0:00:14]} 46. Kh2 {[%emt 0:00:18]} e4 {[%emt 0:00:30]} 47. Rd2 {[%emt 0:00:56]} Rb3 {[%emt 0:03:17]} 48. a4 {[%emt 0:03:10]} Be5 {[%emt 0:01:32]} 49. Rf1 {[%emt 0:00:59]} Qg7 {[%emt 0:00:50]} 50. Rc2 {[%emt 0:00:46]} Qh6 {[%emt 0:00:20]} 51. Kg1 {[%emt 0:00:31]} Qh5 {[%emt 0:00:40]} 52. Rcf2 {[%emt 0:00:06]} Qg4 {[%emt 0:00:29]} 53. Kg2 {[%emt 0:00:37]} Bxg3 {[%emt 0:00:33]} 54. Qxg3 {[%emt 0:00:04]} e3+ {[%emt 0:00:07]} 55. Rf3 {[%emt 0:00:02]} Bxf3+ 56. Nxf3 {[%emt 0:00:15]} Qe4 {[%emt 0:01:20]} 57. Kg1 {[%emt 0:01:05]} e2 {[%emt 0:00:28]} 58. Re1 {[%emt 0:00:08]} Rb7 {[%emt 0:00:34]} 59. Nd4 {[%emt 0:01:09]} Rf7 {[%emt 0:00:31]} 60. Rxe2 {[%emt 0:00:37]} Qb1+ {[%emt 0:00:20]} 61. Re1 {[%emt 0:00:15]} Rxe1+ {[%emt 0:00:24]} 62. Qxe1 {[%emt 0:00:01]} Qd3 {[%emt 0:00:30]} 63. Nxc6 {[%emt 0:00:24]} Rf8 {[%emt 0:00:48]} 64. Qe6+ {[%emt 0:00:06]} 1-0

[Event "15th Governor Cup 2019"]
[Site "Khanty-Mansiysk"]
[Date "2019.11.22"]
[Round "5.9"]
[White "Potapov, Pavel"]
[Black "Bilguun, Sumiya"]
[Result "1/2-1/2"]
[WhiteElo "2489"]
[BlackElo "2496"]
[Annotator "ChessBase"]
[PlyCount "79"]
[EventDate "2019.11.19"]
[EventType "swiss"]
[EventCountry "RUS"]
[SourceTitle "playchess.com"]
[Source "ChessBase"]
[SourceQuality "1"]
[TimeControl "5400+30"]

1. e4 {[%emt 0:00:00]} c5 {[%emt 0:00:00]} 2. Nf3 {[%emt 0:00:04]} e6 {[%emt 0:00:08]} 3. c3 {[%emt 0:00:25]} d5 {[%emt 0:00:18]} 4. exd5 {[%emt 0:00:24]} Qxd5 {[%emt 0:00:16]} 5. d4 {[%emt 0:00:20]} Nc6 {[%emt 0:00:40]} 6. Be3 {[%emt 0:01:52]} cxd4 {[%emt 0:00:15]} 7. cxd4 {[%emt 0:00:11]} Nf6 {[%emt 0:00:14]} 8. Nc3 {[%emt 0:00:28]} Qd6 {[%emt 0:00:17]} 9. Bd3 {[%emt 0:00:16]} Be7 {[%emt 0:00:23]} 10. O-O {[%emt 0:00:05]} O-O {[%emt 0:00:23]} 11. a3 {[%emt 0:00:19]} b6 {[%emt 0:06:54]} 12. Qe2 {[%emt 0:00:49]} Bb7 {[%emt 0:00:42]} 13. Rad1 {[%emt 0:03:06]} Rad8 {[%emt 0:13:05]} 14. Bb1 {[%emt 0:01:02]} Nd5 {[%emt 0:05:35]} 15. Ne4 {[%emt 0:05:42]} Qd7 {[%emt 0:01:03]} 16. Qd3 {[%emt 0:11:40]} f5 {[%emt 0:05:42]} 17. Nc3 {[%emt 0:02:53]} Bf6 {[%emt 0:02:08]} 18. Rfe1 {[%emt 0:03:33]} Nce7 {[%emt 0:01:45]} 19. Bc1 {[%emt 0:04:13]} Ng6 {[%emt 0:04:50]} 20. Ba2 {[%emt 0:02:29]} Rfe8 {[%emt 0:06:05]} 21. Nxd5 {[%emt 0:29:42]} Bxd5 {[%emt 0:00:54]} 22. Bxd5 {[%emt 0:00:15]} Qxd5 {[%emt 0:07:17]} 23. Bg5 {[%emt 0:00:57]} Rd7 {[%emt 0:04:32]} 24. h4 {[%emt 0:07:23]} h6 {[%emt 0:09:39]} 25. Bxf6 {[%emt 0:02:42]} gxf6 {[%emt 0:00:05]} 26. Qe3 {[%emt 0:01:50]} Kg7 {[%emt 0:11:10]} 27. Rc1 {[%emt 0:00:38]} h5 {[%emt 0:00:34]} 28. Rc3 {[%emt 0:01:33]} Kh7 {[%emt 0:01:23]} 29. Rec1 {[%emt 0:00:55]} Qe4 {[%emt 0:00:33]} 30. g3 {[%emt 0:04:00]} Qxe3 {[%emt 0:03:38]} 31. fxe3 {[%emt 0:01:16]} Ne7 {[%emt 0:00:54]} 32. Rc7 {[%emt 0:00:47]} Red8 {[%emt 0:00:10]} 33. Kf2 {[%emt 0:00:15]} Nd5 {[%emt 0:00:25]} 34. Rxd7+ {[%emt 0:00:48]} Rxd7 {[%emt 0:00:01]} 35. Ne1 {[%emt 0:01:28]} Kg7 {[%emt 0:04:03]} 36. Nd3 {[%emt 0:00:25]} Kf7 {[%emt 0:01:21]} 37. Rc6 {[%emt 0:02:41]} Ne7 {[%emt 0:00:11]} 38. Rc3 {[%emt 0:00:15]} Nd5 {[%emt 0:00:06]} 39. Rc6 {[%emt 0:00:03]} Ne7 {[%emt 0:00:06]} 40. Rc3 {[%emt 0:00:36]} 1/2-1/2

[Event "15th Governor Cup 2019"]
[Site "Khanty-Mansiysk"]
[Date "2019.11.22"]
[Round "5.10"]
[White "Ponkratov, Pavel"]
[Black "Najdin, Danil"]
[Result "1-0"]
[WhiteElo "2619"]
[BlackElo "2357"]
[Annotator "RC"]
[PlyCount "47"]
[EventDate "2019.11.19"]
[EventType "swiss"]
[EventCountry "RUS"]
[SourceTitle "playchess.com"]
[Source "ChessBase"]
[SourceQuality "1"]
[TimeControl "5400+30"]

1. d4 {[%emt 0:00:00]} f5 {[%emt 0:02:00]} 2. e4 {[%emt 0:00:00]} fxe4 {[%emt 0:00:32]} 3. Nc3 {[%emt 0:00:00]} Nf6 {[%emt 0:00:47]} 4. Bg5 {[%emt 0:00:00]} g6 {[%emt 0:02:23]} 5. f3 {[%emt 0:03:29]} exf3 {[%emt 0:02:38]} 6. Nxf3 {[%emt 0:00:05]} Bg7 {[%emt 0:00:46]} 7. Bc4 {[%emt 0:03:58]} b5 {[%emt 0:21:58]} 8. Nxb5 {[%emt 0:06:22]} c6 {[%emt 0:01:58]} 9. Nc3 {[%emt 0:03:08]} Ba6 {[%emt 0:00:32]} 10. Bb3 {[%emt 0:01:07]} Qa5 {[%emt 0:02:07]} 11. Qd2 {[%emt 0:08:25]} e6 {[%emt 0:07:46]} 12. h4 {[%emt 0:04:09]} Nd5 {[%emt 0:06:01]} 13. h5 {[%emt 0:10:31]} Nxc3 {[%emt 0:06:59]} 14. bxc3 {[%emt 0:13:38]} gxh5 {[%emt 0:03:05]} 15. Rxh5 {[%emt 0:10:58]} h6 {[%emt 0:04:31]} 16. Kf2 {[%emt 0:07:45]} Rf8 {[%emt 0:04:06]} 17. Rxh6 {[%emt 0:03:08]} Bxh6 {[%emt 0:00:22]} 18. Bxh6 {[%emt 0:00:04]} Rf7 {[%emt 0:04:50]} 19. Re1 {[%emt 0:01:15]} Qh5 {[%emt 0:04:51]} 20. Bf4 {[%emt 0:04:20]} Qg4 {[%emt 0:01:34]} 21. Bd6 {[%emt 0:01:03]} Rg7 {[%emt 0:00:45]} 22. Qh6 {[%emt 0:04:48]} Qxg2+ {[%emt 0:06:25]} 23. Ke3 {[%emt 0:00:03]} c5 {[%emt 0:02:37]} 24. Qf6 {[%emt 0:00:31]} 1-0

[Event "15th Governor Cup 2019"]
[Site "Khanty-Mansiysk"]
[Date "2019.11.22"]
[Round "5.11"]
[White "Khanin, Semen"]
[Black "Chinguun, Sumiya"]
[Result "1/2-1/2"]
[WhiteElo "2503"]
[BlackElo "2307"]
[Annotator "ChessBase"]
[PlyCount "156"]
[EventDate "2019.11.19"]
[EventType "swiss"]
[EventCountry "RUS"]
[SourceTitle "playchess.com"]
[Source "ChessBase"]
[SourceQuality "1"]
[TimeControl "5400+30"]

1. e4 {[%emt 0:00:00]} c5 {[%emt 0:00:00]} 2. Nf3 {[%emt 0:00:00]} Nc6 {[%emt 0:00:00]} 3. d4 {[%emt 0:00:00]} cxd4 {[%emt 0:00:05]} 4. Nxd4 {[%emt 0:00:00]} g6 {[%emt 0:00:28]} 5. c4 {[%emt 0:00:00]} Bg7 {[%emt 0:00:20]} 6. Be3 {[%emt 0:00:00]} Nf6 {[%emt 0:00:22]} 7. Nc3 {[%emt 0:00:00]} O-O {[%emt 0:01:08]} 8. Be2 {[%emt 0:00:00]} d6 {[%emt 0:00:22]} 9. O-O {[%emt 0:00:01]} Bd7 {[%emt 0:00:59]} 10. h3 {[%emt 0:00:04]} Nxd4 {[%emt 0:00:35]} 11. Bxd4 {[%emt 0:00:05]} Bc6 {[%emt 0:00:19]} 12. Qc2 {[%emt 0:00:06]} a5 {[%emt 0:00:39]} 13. Rad1 {[%emt 0:00:04]} Nd7 {[%emt 0:01:11]} 14. Bxg7 {[%emt 0:00:05]} Kxg7 {[%emt 0:00:33]} 15. Bg4 {[%emt 0:00:02]} Ne5 {[%emt 0:04:36]} 16. c5 {[%emt 0:00:17]} b5 {[%emt 0:20:14]} 17. cxd6 {[%emt 0:09:35]} exd6 {[%emt 0:00:11]} 18. Nd5 {[%emt 0:01:55]} h5 {[%emt 0:05:14]} 19. Be2 {[%emt 0:00:17]} Rc8 {[%emt 0:01:29]} 20. Qb3 {[%emt 0:12:37]} b4 {[%emt 0:01:44]} 21. f4 {[%emt 0:04:13]} Nd7 {[%emt 0:00:20]} 22. Qe3 {[%emt 0:01:58]} Bxd5 {[%emt 0:08:57]} 23. Rxd5 {[%emt 0:00:27]} Nf6 {[%emt 0:02:54]} 24. Qd4 {[%emt 0:04:57]} Rc6 {[%emt 0:07:06]} 25. Bb5 {[%emt 0:07:51]} Rb6 {[%emt 0:01:04]} 26. Ba4 {[%emt 0:01:11]} Ra6 {[%emt 0:02:39]} 27. Rb5 {[%emt 0:14:38]} Re8 {[%emt 0:10:11]} 28. e5 {[%emt 0:04:31]} dxe5 {[%emt 0:04:10]} 29. Qxd8 {[%emt 0:00:04]} Rxd8 {[%emt 0:00:13]} 30. fxe5 {[%emt 0:00:03]} Ne4 {[%emt 0:00:36]} 31. Rb7 {[%emt 0:01:01]} Rf8 {[%emt 0:00:30]} 32. Bb3 {[%emt 0:00:58]} Ng5 {[%emt 0:01:37]} 33. h4 {[%emt 0:02:19]} Ne6 {[%emt 0:00:12]} 34. Bc4 {[%emt 0:00:46]} Rc6 {[%emt 0:00:07]} 35. Bd5 {[%emt 0:00:02]} Rc7 {[%emt 0:00:39]} 36. Rb6 {[%emt 0:03:45]} Nd4 {[%emt 0:00:15]} 37. Ra6 {[%emt 0:14:37]} Re8 {[%emt 0:06:31]} 38. Re1 {[%emt 0:03:56]} Rc5 {[%emt 0:00:51]} 39. Rd6 {[%emt 0:00:06]} Re7 {[%emt 0:04:23]} 40. Rd8 {[%emt 0:00:53]} Ne6 {[%emt 0:01:36]} 41. Rd6 {[%emt 0:03:24]} Nf4 {[%emt 0:00:40]} 42. Bb3 {[%emt 0:00:02]} Rcxe5 {[%emt 0:00:40]} 43. Rxe5 {[%emt 0:00:03]} Rxe5 {[%emt 0:00:19]} 44. Rd7 {[%emt 0:00:01]} Ne6 {[%emt 0:06:03]} 45. Bxe6 {[%emt 0:00:07]} Rxe6 {[%emt 0:00:06]} 46. Rd5 {[%emt 0:00:06]} Re2 {[%emt 0:00:32]} 47. Rxa5 {[%emt 0:00:05]} Rxb2 {[%emt 0:00:16]} 48. a3 {[%emt 0:00:51]} f6 {[%emt 0:01:00]} 49. axb4 {[%emt 0:00:51]} Rxb4 {[%emt 0:00:13]} 50. Ra7+ {[%emt 0:00:09]} Kh6 {[%emt 0:00:06]} 51. Rf7 {[%emt 0:00:42]} Rxh4 {[%emt 0:00:41]} 52. Rxf6 {[%emt 0:00:04]} Kg5 {[%emt 0:00:08]} 53. Ra6 {[%emt 0:00:07]} Rb4 {[%emt 0:00:11]} 54. Kh2 {[%emt 0:01:08]} Kf5 {[%emt 0:00:14]} 55. Kg3 {[%emt 0:00:43]} h4+ {[%emt 0:00:19]} 56. Kf3 {[%emt 0:00:22]} Rf4+ {[%emt 0:00:26]} 57. Ke2 {[%emt 0:00:33]} g5 {[%emt 0:00:11]} 58. Ra5+ {[%emt 0:00:20]} Kg4 {[%emt 0:00:33]} 59. Ra3 {[%emt 0:00:02]} Rf5 {[%emt 0:00:31]} 60. Rb3 {[%emt 0:00:04]} Kh5 {[%emt 0:01:13]} 61. Rb8 {[%emt 0:00:58]} g4 {[%emt 0:00:31]} 62. Rh8+ {[%emt 0:00:13]} Kg5 {[%emt 0:00:10]} 63. Rg8+ {[%emt 0:00:04]} Kf4 {[%emt 0:00:07]} 64. Kf2 {[%emt 0:00:01]} g3+ {[%emt 0:00:54]} 65. Kg1 {[%emt 0:00:03]} Rd5 {[%emt 0:00:24]} 66. Rf8+ {[%emt 0:00:04]} Kg5 {[%emt 0:00:09]} 67. Rf1 {[%emt 0:00:11]} Rd2 {[%emt 0:00:24]} 68. Ra1 {[%emt 0:00:02]} Kf4 {[%emt 0:00:11]} 69. Rf1+ {[%emt 0:00:02]} Ke3 {[%emt 0:00:21]} 70. Re1+ {[%emt 0:00:02]} Kd3 {[%emt 0:00:09]} 71. Ra1 {[%emt 0:00:03]} Ke2 {[%emt 0:00:56]} 72. Rb1 {[%emt 0:00:04]} Rd1+ {[%emt 0:00:41]} 73. Rxd1 {[%emt 0:00:02]} Kxd1 {[%emt 0:00:10]} 74. Kh1 {[%emt 0:00:02]} Ke2 {[%emt 0:00:17]} 75. Kg1 {[%emt 0:00:02]} Ke1 {[%emt 0:00:07]} 76. Kh1 {[%emt 0:00:01]} h3 {[%emt 0:00:12]} 77. Kg1 {[%emt 0:00:01]} h2+ {[%emt 0:00:02]} 78. Kh1 {[%emt 0:00:04]} Kf2 {[%emt 0:00:03]} 1/2-1/2